000 00854nam a2200205Ia 4500
003 GCL
008 140319s9999 xx 000 0 ara d
040 _aGCL /
_cGCL
082 0 4 _a214
_bق ج
100 1 _aابن قيم الجوزية: شمس الدين ابو عبدالله محمد بن ابى بكر
245 1 0 _aالجواب الكافى لمن سال عن الدواء الشافى :
_bالمسمى الداء والدواء /
_cابن قيم الجوزية: شمس الدين ابو عبدالله محمد بن ابى بكر
700 1 _aعلى جمعة محمد
260 _aالقاهرة :
_bدار الكتبى ،
_c1991
300 _a336 ص ؛
_c24 سم
490 _a
650 0 4 _aالثقافة الاسلامية
650 0 4 _aالشريعة الاسلامية
650 0 4 _aالفقه الاسلامى
942 _2ddc
_cBK
999 _c54381
_d54381